| 000 | 00642nam a2200217Ia 4500 | ||
|---|---|---|---|
| 003 | OSt | ||
| 005 | 20230518115025.0 | ||
| 008 | 210423s2013 xx 000 0 und d | ||
| 020 | _a978-81-321-0737-8 | ||
| 040 | _cAL | ||
| 041 | _aeng | ||
| 082 |
_a363.6 RAOG _223 |
||
| 100 |
_aRAO (N Bhaskara). _9108205 |
||
| 245 | _aGood governance: delivering corruption free public services. | ||
| 260 |
_aNew Delhi _bSage Publications _c2013 |
||
| 300 |
_axxii,292 _bPB |
||
| 365 |
_b695 _cINR |
||
| 650 |
_aOther Social Problems _9108206 |
||
| 906 | _acorruption ; delivering ; free ; Good ; governance: ; public ; services. | ||
| 942 |
_2ddc _cBK |
||
| 999 |
_c165079 _d165079 |
||